| 000 | 00523ntaaa2200205 4500 | ||
|---|---|---|---|
| 003 | 01 | ||
| 005 | 20251027202056.0 | ||
| 008 | 0714s1973 ag 01 | ||
| 040 |
_aAR-BaBN _bspa _cAR-BaBN _eaacr _dRIC |
||
| 082 | _a252.0000 K26 | ||
| 245 | _aAs ye go ... preach | ||
| 250 | _a1 ed. | ||
| 260 |
_aTokyo : _bPublicación del autor, _c1963 |
||
| 300 | _a165 p | ||
| 500 | _aCollection of missionary sermons | ||
| 650 |
_asermones _9362 |
||
| 650 |
_amisiones-sermones _919321 |
||
| 700 |
_aKeith, Billy _919322 |
||
| 942 | _cBK | ||
| 999 |
_c15591 _d15591 |
||